[Event "IPCA Wch-A 13th"]
[Site "Velke Losiny"]
[Date "2013.06.24"]
[Round "8"]
[White "Travnicek, Jaroslav"]
[Black "Koerber, Antonin"]
[Result "1-0"]
[WhiteElo "1849"]
[BlackElo "1775"]
[PlyCount "59"]
[EventDate "2013.06.18"]
[EventType "swiss"]
[EventRounds "9"]
[EventCountry "CZE"]
[SourceTitle "CBM 155 Extra"]
[Source "ChessBase"]
[SourceDate "2013.08.26"]
[SourceVersion "1"]
[SourceVersionDate "2013.08.26"]
[SourceQuality "1"]

1. e4 b6 2. d4 e6 3. Nf3 Bb7 4. Bd3 Ne7 5. Nc3 Ng6 6. 0-0 Be7 7. Re1 d6 8. e5 Nd7 9. Be4 d5 10. Bd3 c5 11. Be3 a6 12. Qd2 cxd4 13. Bxd4 Bc5 14. Ne2 Bxd4 15. Nexd4 Qc7 16. Bxg6 hxg6 17. Re3 Qd8 18. Rae1 Nc5 19. Qe2 Qe7 20. Nd2 Kd7 21. N2b3 Na4 22. Rb1 Rh4 23. Nf3 Rh5 24. Nbd2 b5 25. Qd3 Nb6 26. b3 Qa3 27. Qd4 Nc8 28. b4 Qxa2 29. Ne1 a5 30. Ra1 1-0

[Event "Ostrava Konik op-C"]
[Site "Ostrava"]
[Date "2011.05.08"]
[Round "9"]
[White "Petrov, Bogoljub"]
[Black "Koerber, Antonin"]
[Result "1-0"]
[WhiteElo "1911"]
[BlackElo "1816"]
[PlyCount "43"]
[EventDate "2011.04.30"]
[EventType "swiss"]
[EventRounds "9"]
[EventCountry "CZE"]
[SourceTitle "CBM 142 Extra"]
[Source "ChessBase"]
[SourceDate "2011.06.27"]
[SourceVersion "1"]
[SourceVersionDate "2011.06.27"]
[SourceQuality "1"]

1. e4 b6 2. d4 e6 3. a3 Bb7 4. Nc3 Ne7 5. Be3 Ng6 6. g3 Be7 7. h4 0-0 8. h5 Nh8 9. h6 gxh6 10. Rh2 f5 11. exf5 exf5 12. f4 d5 13. Nf3 c6 14. Qd2 a5 15. a4 Bb4 16. Ne5 Nf7 17. Kf2 Nd6 18. Bg2 Ra7 19. Qe1 Ba6 20. Nxc6 Ne4+ 21. Bxe4 Nxc6 22. Bxd5+ 1-0

[Event "Ostrava op"]
[Site "Ostrava"]
[Date "2010.05.09"]
[Round "9"]
[White "Koerber, Antonin"]
[Black "Balogh, Milan"]
[Result "0-1"]
[WhiteElo "1830"]
[BlackElo "1700"]
[PlyCount "58"]
[EventDate "2010.05.01"]
[EventType "swiss"]
[EventRounds "9"]
[EventCountry "CZE"]
[SourceTitle "EXT 2011"]
[Source "ChessBase"]
[SourceDate "2010.11.26"]
[SourceVersion "1"]
[SourceVersionDate "2010.11.26"]
[SourceQuality "1"]

1. d4 d5 2. f4 Nf6 3. Nf3 Bf5 4. e3 e6 5. Bd3 Be4 6. 0-0 c5 7. c3 Nc6 8. Ne5 cxd4 9. exd4 Bxd3 10. Nxd3 Bd6 11. Qf3 Ne4 12. Nd2 f5 13. Qh5+ g6 14. Qh6 Bf8 15. Qh3 Be7 16. Nf3 Bf6 17. Nde5 Qe7 18. a4 a6 19. Nd2 Kd8 20. Qd3 Rc8 21. b4 Nxe5 22. dxe5 Rxc3 23. exf6 Qxb4 24. Qb1 Qd4+ 25. Kh1 Nf2+ 26. Kg1 Nd3+ 27. Kh1 Nf2+ 28. Kg1 Nh3+ 29. Kh1 Qg1+ 0-1

[Event "Ostrava op"]
[Site "Ostrava"]
[Date "2010.05.02"]
[Round "2"]
[White "Borovicka, Bohumil"]
[Black "Koerber, Antonin"]
[Result "1-0"]
[WhiteElo "2010"]
[BlackElo "1830"]
[PlyCount "47"]
[EventDate "2010.05.01"]
[EventType "swiss"]
[EventRounds "9"]
[EventCountry "CZE"]
[SourceTitle "EXT 2011"]
[Source "ChessBase"]
[SourceDate "2010.11.26"]
[SourceVersion "1"]
[SourceVersionDate "2010.11.26"]
[SourceQuality "1"]

1. d4 e6 2. Nc3 d5 3. Nf3 f5 4. Bf4 c6 5. e3 Nf6 6. Bd3 Bd6 7. Be5 0-0 8. Ne2 Qc7 9. Nf4 Ng4 10. Bxd6 Qxd6 11. h3 Nh6 12. c3 Nd7 13. Qc2 Nf6 14. g4 Ne4 15. g5 Nf7 16. g6 Nfg5 17. Ne5 hxg6 18. 0-0-0 c5 19. Rdg1 c4 20. Bxe4 Nxe4 21. f3 Nf6 22. Rxg6 Kh7 23. Rhg1 Rg8 24. Qf2 1-0

[Event "Ostrava op"]
[Site "Ostrava"]
[Date "2009.05.04"]
[Round "3"]
[White "Konstacky, Matej"]
[Black "Koerber, Antonin"]
[Result "1-0"]
[WhiteElo "2140"]
[BlackElo "1855"]
[PlyCount "53"]
[EventDate "2009.05.02"]
[EventType "swiss"]
[EventRounds "9"]
[EventCountry "CZE"]
[SourceTitle "EXT 2011"]
[Source "ChessBase"]
[SourceDate "2010.11.26"]
[SourceVersion "1"]
[SourceVersionDate "2010.11.26"]
[SourceQuality "1"]

1. e4 e5 2. Nf3 Nc6 3. Bb5 a6 4. Ba4 b5 5. Bb3 Na5 6. Bxf7+ Kxf7 7. Nxe5+ Ke7 8. Qh5 Qe8 9. Qh4+ Nf6 10. Nc3 d6 11. d4 Be6 12. Bg5 b4 13. Ne2 h6 14. Nf3 Kf7 15. Bxf6 gxf6 16. Qh5+ Kg8 17. Qxa5 c5 18. d5 Bd7 19. Ng3 Be7 20. Qb6 Bb5 21. Nf5 Bd8 22. Qxd6 Qxe4+ 23. Ne3 Kh7 24. 0-0-0 Be2 25. Nd2 Qe8 26. Rde1 Be7 27. Qe6 1-0